Męski czy damski przedmiot? - Statystyki

Ogólne statystyki
  • Ten quiz został rozwiązany 37 razy
  • Średni wynik to 6 z 6
Statystyki odpowiedzi
Zagadnienie Komórka Select % Poprawnych
Zaznacz damskie przedmioty Tak
100%
Zaznacz damskie przedmioty Tak
100%
Zaznacz damskie przedmioty Tak
100%
Zaznacz damskie przedmioty Nie
97%
Zaznacz damskie przedmioty Nie
97%
Zaznacz damskie przedmioty Tak
94%
Nie znaleziono quizów pasujących do podanych kryteriów
Rozkład punktacji
Procent ludzi z każdym wynikiem
Percentyl według liczby udzielonych odpowiedzi
Twoja historia wyników
Nie rozwiązałeś tego quizu